Technicko-ekonomická analýza vplyvu malých obnoviteľných zdrojov na rodinné domy

Saved in:
Bibliographic Details
Main Author: Harendarčik, Samuel (Author)
Other Authors: Kment, Attila (Thesis advisor)
Format: Manuscript Book
Language:Slovak
Published: Bratislava: STU v Bratislave FEI, 2025
Subjects:
Online Access:https://opac.crzp.sk/?fn=detailBiblioFormChildK11NMU0&sid=8D80AD18777FCC7F65B5B64DC29E&seo=CRZP-detail-kniha
Tags: Add Tag
No Tags, Be the first to tag this record!

MARC

LEADER 00000ntm a22000003a 4500
001 stuzp102289
003 SK-STU
005 20260203093832.6
007 ta
008 150427s2015----xo-----f-mn---000-0-slo-d
040 |a STU  |b slo 
041 0 |a slo 
044 |a xo 
100 1 |a Harendarčik, Samuel  |u 032000  |4 aut  |U FEI Fakulta elektrotechniky a informatiky  |T FEI Ústav elektroenergetiky a aplikovanej elektrotechniky  |X 121080  |U E020  |Y 548  |7 121080 
242 0 1 |a Technical and Economical Analysis of the Impact of Small Renewable Sources on Family Houses  |y eng 
245 1 0 |a Technicko-ekonomická analýza vplyvu malých obnoviteľných zdrojov na rodinné domy 
260 |a Bratislava:  |b STU v Bratislave FEI,  |c 2025 
300 |a 59 s. 
650 4 |a Rodinné domy  |2 slo 
650 4 |a Obnoviteľné zdroje energie  |2 slo 
650 4 |a Fotovoltika  |2 slo 
650 4 |a Ekonomická návratnosť  |2 slo 
650 4 |a Energetická samospotreba  |2 slo 
650 4 |a Renewable energy sources  |2 eng 
650 4 |a Photovoltaics  |2 eng 
650 4 |a Family houses  |2 eng 
650 4 |a Economic return  |2 eng 
650 4 |a Energy self-sufficiency  |2 eng 
700 1 |a Kment, Attila  |u 032000  |k Z1  |4 ths  |U FEI Fakulta elektrotechniky a informatiky  |T FEI Ústav elektroenergetiky a aplikovanej elektrotechniky  |X 10228  |U E020  |Y 548  |7 A000010228 
856 4 |u https://opac.crzp.sk/?fn=detailBiblioFormChildK11NMU0&sid=8D80AD18777FCC7F65B5B64DC29E&seo=CRZP-detail-kniha